[Event "Titled Tuesday intern op 02nd Apr Early"]
[Site "Chess.com INT"]
[Date "2024.04.02"]
[Round "11"]
[White "Solberg, Joachim Krokvik"]
[Black "Domin, Yan"]
[Result "1/2-1/2"]
[WhiteElo "2157"]
[BlackElo "2131"]
[PlyCount "92"]
[EventDate "2024.04.02"]
[EventType "swiss (blitz)"]
[EventRounds "11"]
[EventCountry "USA"]
[SourceTitle "CBM 219 Extra"]
[Source "ChessBase"]
[SourceDate "2024.05.31"]
[SourceVersion "1"]
[SourceVersionDate "2024.05.31"]
[SourceQuality "1"]

1. e4 c5 2. Nf3 Nc6 3. b3 g6 4. Bb2 Nf6 5. d4 cxd4 6. Nxd4 Bg7 7. Nxc6 bxc6 8. Bd3 0-0 9. 0-0 d5 10. exd5 cxd5 11. c4 Be6 12. cxd5 Qxd5 13. Nc3 Qg5 14. Qc1 Qh5 15. Be2 Bg4 16. Bxg4 Nxg4 17. h3 Ne5 18. Qd1 Qxd1 19. Raxd1 Rfd8 20. Rxd8+ Rxd8 21. Rd1 Rxd1+ 22. Nxd1 Nc6 23. Bxg7 Kxg7 24. Kf1 Kf6 25. Ke2 Ke5 26. Ke3 f5 27. f4+ Kd5 28. Nc3+ Kc5 29. a3 a5 30. Na4+ Kd6 31. Nc3 e5 32. fxe5+ Kxe5 33. Ne2 g5 34. g3 h6 35. h4 Ne7 36. hxg5 hxg5 37. Nc3 Nc6 38. Ne2 Ke6 39. Nd4+ Nxd4 40. Kxd4 Kd6 41. b4 axb4 42. axb4 Kc6 43. Ke5 f4 44. gxf4 gxf4 45. Kxf4 Kb5 46. Ke4 Kxb4 1/2-1/2

[Event "Titled Tuesday intern op 02nd Apr Early"]
[Site "Chess.com INT"]
[Date "2024.04.02"]
[Round "3"]
[White "Solberg, Joachim Krokvik"]
[Black "Le, Tuan Minh"]
[Result "0-1"]
[WhiteElo "2157"]
[BlackElo "2567"]
[PlyCount "126"]
[EventDate "2024.04.02"]
[EventType "swiss (blitz)"]
[EventRounds "11"]
[EventCountry "USA"]
[SourceTitle "CBM 219 Extra"]
[Source "ChessBase"]
[SourceDate "2024.05.31"]
[SourceVersion "1"]
[SourceVersionDate "2024.05.31"]
[SourceQuality "1"]

1. Nc3 d5 2. d4 Nf6 3. Bg5 Bf5 4. e3 Nbd7 5. Nf3 e6 6. Bd3 Bg6 7. 0-0 Be7 8. h3 0-0 9. Re1 c5 10. Bxg6 hxg6 11. dxc5 Nxc5 12. Ne5 Rc8 13. Rc1 Qb6 14. Rb1 Rfd8 15. Nd3 Nce4 16. Bxf6 Bxf6 17. Na4 Qa5 18. Nac5 Nxc5 19. b4 Qxa2 20. bxc5 b6 21. cxb6 axb6 22. Rxb6 Qxc2 23. Qxc2 Rxc2 24. Rd1 g5 25. Rb7 Ra8 26. Ne1 Re2 27. Nf3 Raa2 28. Rf1 Rec2 29. Rb8+ Kh7 30. Rb7 Kg6 31. Ne1 Rcb2 32. Rxb2 Rxb2 33. Nf3 Kf5 34. Rd1 g4 35. hxg4+ Kxg4 36. Nd4 Kg5 37. Nf3+ Kf5 38. Nd4+ Kg6 39. Nf3 Rb4 40. Rc1 e5 41. Rc6 Kf5 42. Rc7 Ke6 43. Rc6+ Kd7 44. Ra6 Rb1+ 45. Kh2 d4 46. exd4 exd4 47. Ra5 Kc6 48. Ra7 Rb7 49. Ra4 d3 50. Ra3 Rd7 51. Nd2 Kb5 52. f4 Bd8 53. Rb3+ Ka4 54. Rb1 Ba5 55. Nc4 Rd5 56. Kg3 d2 57. Ne3 Rd3 58. Kf2 Rb3 59. Rd1 Bb6 60. Ra1+ Kb5 61. Ke2 Bxe3 62. Ra2 Rb1 63. Rc2 d1Q+ 0-1

[Event "Titled Tuesday intern op 02nd Apr Early"]
[Site "Chess.com INT"]
[Date "2024.04.02"]
[Round "7"]
[White "Solberg, Joachim Krokvik"]
[Black "Shandrygin, Nikita"]
[Result "0-1"]
[WhiteElo "2157"]
[BlackElo "2209"]
[PlyCount "128"]
[EventDate "2024.04.02"]
[EventType "swiss (blitz)"]
[EventRounds "11"]
[EventCountry "USA"]
[SourceTitle "CBM 219 Extra"]
[Source "ChessBase"]
[SourceDate "2024.05.31"]
[SourceVersion "1"]
[SourceVersionDate "2024.05.31"]
[SourceQuality "1"]

1. e4 c5 2. Nf3 e6 3. d4 cxd4 4. Nxd4 Nf6 5. Nc3 Nc6 6. Ndb5 Bb4 7. a3 Bxc3+ 8. Nxc3 d5 9. exd5 exd5 10. Bd3 0-0 11. 0-0 Bg4 12. f3 Bh5 13. Bg5 Qb6+ 14. Kh1 Ne4 15. Nxe4 dxe4 16. Bxe4 Qxb2 17. Rb1 Qxa3 18. Rxb7 Qa6 19. Rb1 Bg6 20. Qd6 Bxe4 21. fxe4 Rab8 22. Ra1 Qb5 23. Be3 a5 24. h3 Nb4 25. Rac1 Nxc2 26. Bf4 Rbc8 27. Qd5 Rc5 28. Qd2 Qc6 29. Bd6 Rd8 30. e5 Rc3 31. Qf2 Qc4 32. Kg1 Re8 33. Rce1 Qe6 34. Re2 Rec8 35. Rd1 R3c6 36. Rd3 h6 37. Rg3 Rc4 38. Kh2 Rc3 39. Rd2 Rxg3 40. Qxg3 Nb4 41. Rd4 Nc6 42. Rg4 g6 43. h4 h5 44. Rg5 Kh7 45. Qf3 Ne7 46. Bxe7 Qxe7 47. Qe4 Kg7 48. Qf4 Qe6 49. g4 hxg4 50. h5 Rc2+ 51. Kg3 Qb3+ 52. Kxg4 Rg2+ 53. Kh4 Rxg5 54. Qxg5 Qe6 55. h6+ Kh7 56. Kg3 Qf5 57. Kh4 Qxg5+ 58. Kxg5 a4 59. Kf6 a3 60. Kxf7 a2 61. e6 a1Q 62. e7 Qf1+ 63. Ke6 Qe2+ 64. Kd7 Qd3+ 0-1

[Event "Titled Tuesday intern op 26th Mar Early"]
[Site "Chess.com INT"]
[Date "2024.03.26"]
[Round "9"]
[White "Rian, Kapriaga"]
[Black "Solberg, Joachim Krokvik"]
[Result "0-1"]
[WhiteElo "2089"]
[BlackElo "2164"]
[PlyCount "84"]
[EventDate "2024.03.26"]
[EventType "swiss (blitz)"]
[EventRounds "11"]
[EventCountry "USA"]
[SourceTitle "EXT 2025"]
[Source "ChessBase"]
[SourceDate "2024.10.14"]
[SourceVersion "1"]
[SourceVersionDate "2024.10.14"]
[SourceQuality "1"]

1. d4 d5 2. Nf3 e6 3. Bf4 c5 4. e3 Nc6 5. Nbd2 Nf6 6. c3 Be7 7. Bd3 0-0 8. 0-0 b6 9. Ne5 Bb7 10. Qf3 Nd7 11. Qh3 f5 12. g4 Ndxe5 13. dxe5 g6 14. gxf5 exf5 15. Rad1 Qd7 16. Bb5 Qe6 17. Bxc6 Qxc6 18. Bg5 Bxg5 19. f4 Be7 20. Kf2 Rad8 21. Nf3 d4 22. exd4 Qxf3+ 23. Qxf3 Bxf3 24. Kxf3 cxd4 25. cxd4 Rd5 26. Rd3 Rfd8 27. Rfd1 Kf7 28. a3 Ke6 29. b4 h6 30. Ke3 g5 31. fxg5 hxg5 32. Rc1 Rh8 33. Rh1 Rh3+ 34. Kd2 Rxd3+ 35. Kxd3 g4 36. h3 g3 37. Rg1 Bh4 38. Ke3 Rd8 39. Rd1 Rc8 40. Kf4 Rc4 41. Kf3 Kd5 42. Kf4 Rxd4+ 0-1

[Event "Titled Tuesday intern op 26th Mar Early"]
[Site "Chess.com INT"]
[Date "2024.03.26"]
[Round "2"]
[White "Solberg, Joachim Krokvik"]
[Black "Mirzanurov, Bulat"]
[Result "1-0"]
[WhiteElo "2164"]
[BlackElo "2232"]
[PlyCount "135"]
[EventDate "2024.03.26"]
[EventType "swiss (blitz)"]
[EventRounds "11"]
[EventCountry "USA"]
[SourceTitle "EXT 2025"]
[Source "ChessBase"]
[SourceDate "2024.10.14"]
[SourceVersion "1"]
[SourceVersionDate "2024.10.14"]
[SourceQuality "1"]

1. e4 c5 2. Nf3 d6 3. d4 cxd4 4. Nxd4 Nf6 5. Nc3 a6 6. f4 e5 7. Nf3 Nbd7 8. Bd3 Qb6 9. Qe2 Be7 10. Rb1 0-0 11. Be3 Qc7 12. 0-0 exf4 13. Bxf4 Ne5 14. Nxe5 dxe5 15. Bg3 Bg4 16. Qe1 Be6 17. Kh1 Rac8 18. Bh4 Ng4 19. Bxe7 Qxe7 20. h3 Nf6 21. Qh4 b5 22. a3 Rc7 23. Qg3 Nd7 24. Rbe1 Rfc8 25. Nd5 Bxd5 26. exd5 Re8 27. Rd1 Qd6 28. Bxh7+ Kxh7 29. Rxf7 Qg6 30. Qh4+ Kg8 31. d6 Rb7 32. Re7 Rd8 33. Rxg7+ Kxg7 34. Qxd8 Qh5 35. Rf1 Qg6 36. Qe7+ Kh6 37. Kh2 Nc5 38. Qh4+ Kg7 39. Rf3 Rd7 40. Rg3 Qxg3+ 41. Qxg3+ Kf6 42. Qf2+ Ke6 43. Qxc5 Rxd6 44. c4 bxc4 45. Qxc4+ Ke7 46. h4 Rh6 47. Kh3 Kf6 48. g4 Ke7 49. g5 Rh8 50. Kg4 Kd6 51. g6 Rh6 52. Kg5 Rh8 53. g7 Rd8 54. g8Q Rxg8+ 55. Qxg8 e4 56. Kf4 e3 57. Kxe3 Kc5 58. Qb3 a5 59. a4 Kc6 60. Qb5+ Kc7 61. Qxa5+ Kd7 62. Qb6 Ke7 63. Kf4 Kd7 64. Ke5 Kc8 65. Qa7 Kd8 66. Ke6 Kc8 67. Kd6 Kd8 68. Qd7# 1-0